Online
Catalog

Ambición y sacrificio : (Record no. 4537)

MARC details
000 -CABECERA
campo de control de longitud fija 00733cam a2200229 a 4500
001 - NÚMERO DE CONTROL
campo de control 000004731
005 - FECHA Y HORA DE LA ÚLTIMA TRANSACCIÓN
campo de control 20200929151507.0
008 - DATOS DE LONGITUD FIJA--INFORMACIÓN GENERAL
campo de control de longitud fija 830910s1961 sp 000 0 spa
040 ## - FUENTE DE LA CATALOGACIÓN
Centro catalogador/agencia de origen DO-SdBNP
Lengua de catalogación spa
Centro/agencia transcriptor BNPHU
041 17 - CÓDIGO DE LENGUA
Código de lengua del texto/banda sonora o título independiente spa
Código de lengua original fre
082 ## - NÚMERO DE LA CLASIFICACIÓN DECIMAL DEWEY
Número de clasificación 843.5
Número de documento/Ítem C846a
100 1# - ENTRADA PRINCIPAL--NOMBRE DE PERSONA
Nombre de persona Cotte, Jean Louis,
Fechas asociadas al nombre 1923-
9 (RLIN) 13763
240 14 - TÍTULO UNIFORME
Título uniforme Les Jeux de Solitude.
Lenguaje de la obra Español
245 10 - MENCIÓN DE TÍTULO
Título Ambición y sacrificio :
Resto del título novela /
Mención de responsabilidad, etc. Jean Louis Cotte ; traductor, Enrique de Juan.
260 ## - PUBLICACIÓN, DISTRIBUCIÓN, ETC.
Lugar de publicación, distribución, etc. Barcelona :
Nombre del editor, distribuidor, etc. Planeta,
Fecha de publicación, distribución, etc. 1961.
300 ## - DESCRIPCIÓN FÍSICA
Extensión 355 p. ;
Dimensiones 19 cm.
440 #0 - MENCIÓN DE SERIE/PUNTO DE ACCESO ADICIONAL--TÍTULO
Título Luyve
9 (RLIN) 10547
534 ## - NOTA SOBRE LA VERSIÓN ORIGINAL
Encabezamiento principal del original Título original:
Mención de título del original Les Jeux de Solitude
650 #4 - PUNTO DE ACCESO ADICIONAL DE MATERIA--TÉRMINO DE MATERIA
Término de materia o nombre geográfico como elemento de entrada Novela francesa
9 (RLIN) 1075
650 #4 - PUNTO DE ACCESO ADICIONAL DE MATERIA--TÉRMINO DE MATERIA
Término de materia o nombre geográfico como elemento de entrada Literatura francesa
9 (RLIN) 1074
700 1# - PUNTO DE ACCESO ADICIONAL--NOMBRE DE PERSONA
Nombre de persona Juan, Enrique de,
Término indicativo de función/relación tr.
9 (RLIN) 13764
Holdings
Estado de retiro Estado de pérdida Restricciones de uso No para préstamo Código de colección Localización permanente Ubicación/localización actual Ubicación en estantería Fecha de adquisición Número de inventario Total de préstamos Signatura topográfica completa Código de barras Fecha visto por última vez Precio válido a partir de Tipo de ítem Koha
    Préstamo interno   Monografías: Libros y Folletos General General Depósito 25.07.2009 LF1   843.5 C846a 4731-10 25.06.2020 25.06.2020 Préstamo interno

Powered by Koha